Formes de Pokémon aléatoires - Gen 2 - Statistiques

Statistiques générales
  • Ce quiz a été pris 748 fois
  • Le résultat moyen est 16 sur 20
Statistiques - réponses
Par images Réponse % Correct
Pichu
98%
Noctali
97%
Zarbi
96%
Lugia
95%
Héricendre
93%
Mentali
93%
Capumain
92%
Celebi
92%
Nostenfer
92%
Axoloto
91%
Démolosse
91%
Kaiminus
90%
Simularbre
90%
Lainergie
88%
Natu
88%
Steelix
88%
Suicune
88%
Togepi
88%
Hoothoot
87%
Cornèbre
86%
Écrémeuh
86%
Ho-Oh
86%
Hyporoi
86%
Marill
86%
Mélo
86%
Tyranocif
86%
Xatu
86%
Germignon
85%
Limagma
85%
Typhlosion
85%
Coxy
84%
Entei
84%
Loupio
84%
Porygon2
84%
Azumarill
83%
Qulbutoké
83%
Roigada
83%
Pharamp
82%
Raikou
82%
Airmure
81%
Farfuret
81%
Ursaring
81%
Yanma
81%
Élekid
80%
Girafarig
80%
Insolourdo
80%
Malosse
80%
Fouinette
79%
Méganium
79%
Togetic
79%
Embrylex
78%
Maraiste
78%
Aligatueur
77%
Cadoizo
77%
Feurisson
77%
Marcacrin
77%
Pomdepik
77%
Ymphect
77%
Démanta
76%
Volcaropod
76%
Granivol
75%
Cerfrousse
74%
Cochignon
74%
Feuforêve
74%
Granbull
74%
Joliflor
74%
Lanturn
74%
Rémoraid
74%
Scorplane
74%
Snubbull
74%
Teddiursa
74%
Corayon
73%
Donphan
73%
Queulorior
73%
Qwilfish
73%
Toudoudou
73%
Coxyclaque
72%
Héliatronc
72%
Kapoera
72%
Magby
72%
Cizayox
71%
Noarfang
71%
Cotovol
70%
Macronium
70%
Octillery
70%
Wattouat
70%
Caratroc
68%
Foretress
68%
Lippouti
68%
Scarhino
68%
Fouinar
67%
Leuphorie
67%
Phanpy
67%
Tournegrin
66%
Débugant
65%
Floravol
65%
Tarpaud
64%
Crocrodil
57%
Aucun quiz correspondant
Distribution des résultats
% des personnes avec chaque résultat
Percentile par nombre de réponses
Votre historique - résultats
Vous n’avez pas pris ce quiz